| 000 | 00526nam a2200169Ia 4500 | ||
|---|---|---|---|
| 008 | 230718s9999 xx 000 0 und d | ||
| 020 | _a9789350096559 | ||
| 041 | _aeng | ||
| 082 |
_a641.3'547'54 _bPAR |
||
| 100 |
_aParnaik N.S. (Compiler) _9194466 |
||
| 245 | _a The Connoisseur's Guide To Eating Out In Pune 2013 | ||
| 260 |
_c2013 _bHachette |
||
| 300 | _a328 | ||
| 365 |
_cRs. _b499.00 |
||
| 700 |
_aParnaik N.S. (Compiler) & Yadav V. (Compiler) _9194467 |
||
| 906 |
_dO:0333014-Mar-2013B:284408-Mar-2013 _cGENRL _b109.78 |
||
| 999 |
_c332191 _d332191 |
||